000 nam a22 7a 4500
999 _c47169
_d47169
003 OSt
005 20190506113104.0
008 190506b xxu||||| |||| 00| 0 eng d
040 _csero soft
100 _aMrunalni.T
245 _aEducation and electronic media
260 _aDelhi
_bAPH
300 _a263
942 _2ddc
_c01